| 000 | 00441nam a22001577a 4500 | ||
|---|---|---|---|
| 008 | 230316b |||||||| |||| 00| 0 eng d | ||
| 040 |
_aNational Science Library _cNational Science Library |
||
| 080 |
_a541.64 _bL2 |
||
| 245 | _aPhysical chemical of polymers | ||
| 260 |
_aMoscow: _bMir Publishers, _c1972 |
||
| 300 | _a541p. | ||
| 650 | _aPhysical chemistry | ||
| 653 | _aPolymers | ||
| 700 | _aSobolev, David (trans.) | ||
| 942 |
_2udc _cBK |
||
| 999 |
_c9963 _d9963 |
||